| 000 | 01326nam a22003737a 4500 | ||
|---|---|---|---|
| 003 | CHAP | ||
| 005 | 20220329143039.0 | ||
| 008 | 051020d2005 mx a r 00110 spa d | ||
| 010 | _a91170 | ||
| 011 | _a92142 | ||
| 035 | _a102705 | ||
| 040 | _cCHAP | ||
| 090 | _aTesis | ||
| 100 | 0 | 0 |
_aHinojosa Flores, Isaías Daniel. _955518 |
| 245 | 1 | 0 |
_aAnálisis espacial y no espacial de la deforestación en la zona norte del estado de Oaxaca _c/por Isaias Daniel Hinojosa Flores |
| 260 |
_aChapingo, Méx. : _bEl autor, _c2005. |
||
| 300 |
_a58 h. ; _bgráfs. |
||
| 502 | _aTesis (Ing. en Restauración Forestal) -- UACH. División de Ciencias Forestales | ||
| 590 |
_aALEPH _b10 _c20130110 _lUCH01 _h1506 |
||
| 590 |
_aBATCH-UPD _b10 _c20130110 _lUCH01 _h0540 |
||
| 590 |
_aBATCH-UPD _b10 _c20130410 _lUCH01 _h0221 |
||
| 590 |
_aBATCH-UPD _b10 _c20130914 _lUCH01 _h0723 |
||
| 590 |
_aCONVERSION _b10 _c20130109 _lUCH01 _h1350 |
||
| 650 | 0 | 4 |
_aBosques _zOaxaca. _914420 |
| 650 | 1 | 4 |
_aDesforestación. _932131 |
| 650 | 1 | 4 |
_aEcología. _935134 |
| 650 | 1 | 4 |
_aPaisaje. _984761 |
| 650 | 1 | 4 |
_aSensores remotos. _9104427 |
| 901 | _aBK | ||
| 905 | _aAlejandra Carrasco M. | ||
| 942 | _cFOLL | ||
| 949 |
_aTesis _bBC _cTES _d1027051 _eTS1 _h44059 _i102705 _sb |
||
| 949 |
_aTesis _bBC _cTES _d33724000971149 _eTS2 _fc.2 _gI. DonaciØn _h44060 _i102705 _si |
||
| 999 |
_c91170 _d91170 |
||